000 00678nam a2200253Ia 4500
003 OSt
005 20221007074709.0
006 a|||||r|||| 00| 0
007 ta
008 221006b |||||||| |||| 00| 0 eng d
024 _a4,896
037 _cTextual
040 _aFLL
_cFLL
_beng
041 _2eng
_aeng
082 _aZ2,801, P2.2
100 _aSarkar S.C. Au.
_9681273
245 0 _aLaw of civil procedure
250 _a10th
260 _aNagpur
_bWadhwa and company India
_c2002
300 _axxviii,1365-2510p,cv,
_ccm.
650 _aCode of civil procedure
942 _hZ2,801, P2.2
_cTEXL
_2CC
999 _c1153359
_d1153359